| 000 | 00000cas 2200000zi 4500 |
| 001 | 9.937075 |
| 003 | CaOODSP |
| 005 | 20260507153107 |
| 006 | m o d f |
| 007 | cr cn |||||||| |
| 008 | 240418c20249999oncar p o f0###a0eng|d |
| 020 | |z9780660484235 |
| 022 | |a2818-4912 |
| 040 | |aCaOODSP|beng|erda|cCaOODSP |
| 043 | |an-cn--- |
| 086 | 1 |aHP37-45/1E-PDF|zHP40-114/2023E-PDF |
| 110 | 1 |aCanada. |bNational Advisory Committee on Immunization, |eauthor. |
| 222 | 0|aStatement on seasonal influenza vaccine for ... |b(Summary) |
| 240 | 10|aStatement on seasonal influenza vaccine for ... (Summary) |
| 245 | 10|aStatement on seasonal influenza vaccine for ... |
| 246 | 1 |iAt head of title: |aSummary of National Advisory Committee on Immunization (NACI) statement of ... |
| 264 | 1|aOttawa, Ontario : |bPublic Health Agency of Canada = Agence de la santé publique du Canada, |c2023- |
| 310 | |aAnnual |
| 336 | |atext|2rdacontent |
| 337 | |acomputer|2rdamedia |
| 338 | |aonline resource|2rdacarrier |
| 362 | 1 |aBegan with: 2023/2024. |
| 500 | |aIssued also in French under title: Déclaration sur la vaccination antigrippale pour la saison ... (Résumé). |
| 588 | |aDescription based on: 2023/2024; title from PDF cover page. |
| 588 | |aLatest issue consulted: 2023/2024. |
| 650 | 0|aInfluenza vaccines|xGovernment policy|zCanada|vPeriodicals. |
| 650 | 0|aInfluenza|xVaccination|zCanada|vPeriodicals. |
| 655 | 7|aPeriodicals|2lcgft |
| 710 | 2 |aPublic Health Agency of Canada, |eissuing body. |
| 775 | 08|tDéclaration sur la vaccination antigrippale pour la saison ...|w(CaOODSP)9.937078 |